Johnsons life & addison (Record no. 949629)

MARC details
000 -LEADER
fixed length control field 00331nam a2200121Ia 4500
008 - FIXED-LENGTH DATA ELEMENTS--GENERAL INFORMATION
fixed length control field 151001s9999||||xx |||||||||||||| ||und||
100 ## - MAIN ENTRY--PERSONAL NAME
Personal name P. Rylands
245 ## - TITLE STATEMENT
Title Johnsons life & addison
260 ## - PUBLICATION, DISTRIBUTION, ETC. (IMPRINT)
Name of publisher, distributor, etc g.bell & sons
260 ## - PUBLICATION, DISTRIBUTION, ETC. (IMPRINT)
Date of publication, distribution, etc 1901
300 ## - PHYSICAL DESCRIPTION
Extent 113
365 ## - TRADE PRICE
Price amount 8

No items available.